[Event "Vienna op-A 15th"]
[Site "Vienna"]
[Date "2006.07.30"]
[Round "2"]
[White "Bawart, Markus"]
[Black "Kren, Andreas"]
[Result "1-0"]
[WhiteElo "2334"]
[BlackElo "2149"]
[PlyCount "97"]
[EventDate "2006.07.29"]
[EventType "swiss"]
[EventRounds "9"]
[EventCountry "AUT"]
[SourceTitle "CBM 113 Extra"]
[Source "ChessBase"]
[SourceDate "2006.09.14"]
[SourceVersion "1"]
[SourceVersionDate "2006.09.14"]
[SourceQuality "1"]

1. Nf3 Nf6 2. g3 g6 3. Bg2 Bg7 4. 0-0 0-0 5. c4 Nc6 6. d4 d5 7. Na3 Bf5 8. Nh4 Be6 9. c5 Qd7 10. Nc2 Bh3 11. b4 e5 12. Bb2 e4 13. f4 exf3 14. exf3 Rae8 15. b5 Ne7 16. c6 bxc6 17. bxc6 Nxc6 18. Bxh3 Qxh3 19. Ba3 Ne7 20. Re1 Qd7 21. Qd3 Kh8 22. Bc5 a5 23. Qa3 Nfg8 24. Qxa5 Ra8 25. Qc3 Bf6 26. Ng2 Ra4 27. Nge3 Rfa8 28. a3 Nc6 29. Nb4 Nxb4 30. Bxb4 h5 31. Rac1 R8a7 32. Kh1 Nh6 33. Qd2 Kh7 34. Rc5 c6 35. Rec1 R7a6 36. R5c3 Bg5 37. Re1 Nf5 38. f4 Nxe3 39. fxg5 Nc4 40. Qf4 Ra7 41. Rf3 Qf5 42. Qxf5 gxf5 43. Rxf5 Nxa3 44. Bc5 Rb7 45. Rf6 Nc2 46. Re8 Nxd4 47. Rh6+ Kg7 48. Bf8+ Kg8 49. Be7+ 1-0

[Event "Vienna op-B 14th"]
[Site "Vienna"]
[Date "2003.08.19"]
[Round "4"]
[White "Kren, Andreas"]
[Black "Molnar, Monika"]
[Result "1-0"]
[WhiteElo "1983"]
[BlackElo "1806"]
[PlyCount "67"]
[EventDate "2003.08.16"]
[EventType "swiss"]
[EventRounds "9"]
[EventCountry "AUT"]
[SourceTitle "CBM 095 Extra"]
[Source "ChessBase"]
[SourceDate "2003.09.04"]
[SourceVersion "1"]
[SourceVersionDate "2003.09.04"]
[SourceQuality "1"]

1. Nf3 Nf6 2. d4 e6 3. Bg5 d5 4. e3 Nbd7 5. Nbd2 Be7 6. Bd3 0-0 7. 0-0 b6 8. c3 c5 9. Ne5 Bb7 10. f4 h6 11. Bh4 Rc8 12. Ndf3 Ne4 13. Bxe7 Qxe7 14. Nxd7 Qxd7 15. Ne5 Qe7 16. Qh5 cxd4 17. exd4 Rc7 18. g4 Bc6 19. Rae1 Be8 20. Qh3 f6 21. Nf3 Bg6 22. f5 exf5 23. Nh4 Bh7 24. gxf5 Ng5 25. Qg3 Qd7 26. Re3 Rcc8 27. Rfe1 Rfe8 28. Qg2 Kf8 29. Qf1 Rxe3 30. Rxe3 Re8 31. Bb5 Nh3+ 32. Rxh3 Qe7 33. Bxe8 Qxe8 34. Ng2 1-0

[Event "Vienna op-B 14th"]
[Site "Vienna"]
[Date "2003.08.16"]
[Round "1"]
[White "Mischek, Gerhard"]
[Black "Kren, Andreas"]
[Result "1-0"]
[WhiteElo "1822"]
[BlackElo "1983"]
[PlyCount "69"]
[EventDate "2003.08.16"]
[EventType "swiss"]
[EventRounds "9"]
[EventCountry "AUT"]
[SourceTitle "CBM 095 Extra"]
[Source "ChessBase"]
[SourceDate "2003.09.04"]
[SourceVersion "1"]
[SourceVersionDate "2003.09.04"]
[SourceQuality "1"]

1. e4 d6 2. d4 Nf6 3. Nc3 g6 4. Nf3 Bg7 5. Be2 0-0 6. h3 c5 7. Be3 cxd4 8. Nxd4 Nbd7 9. Qd2 Re8 10. 0-0-0 a6 11. Kb1 b5 12. f3 Bb7 13. Nb3 b4 14. Nd5 Bxd5 15. exd5 a5 16. Nd4 Nxd5 17. Nc6 Nc3+ 18. bxc3 Qc7 19. Qd5 Rac8 20. Bb5 Nf6 21. Qb3 Qb7 22. Qa4 Rf8 23. Nxa5 Qc7 24. cxb4 e6 25. c4 d5 26. Bc5 Rfd8 27. Nc6 Ra8 28. Qc2 Rdc8 29. Ne7+ Kh8 30. Nxc8 Rxc8 31. Rd3 e5 32. cxd5 e4 33. fxe4 Nxe4 34. d6 Qb7 35. a4 1-0